00642nam a22002057a 4500003000400000005001700004008004100021020001800062040001000080082002000090100001900110245007300129250004700202260004500249300003500294504005100329650001400380650002400394700001800418OSt20150408114216.0140512s2014 enka g b 001 0 eng d a9781292025605 aMa-Un00222a005.74bERF1 aElmasri, Ramez10aFundamentals of database systems /cRamez Elmasri, Shamkant Navathe. a6th ed, Pearson new international edition. aHarlow, Essex :bPearson,c2014m[1435]. aiv, 1081 p. : bill. ;c28 cm. aIncludes bibliographical references and index. aDatabases aDatabase management1 aNavathe, Sham